Things you save in a fire / (Record no. 245774)
[ view plain ]
| 000 -LEADER | |
|---|---|
| fixed length control field | 01097pam a2200313 i 4500 |
| 001 - CONTROL NUMBER | |
| control field | BK0023679937 |
| 003 - CONTROL NUMBER IDENTIFIER | |
| control field | DLC |
| 005 - DATE AND TIME OF LATEST TRANSACTION | |
| control field | 20190816120724.0 |
| 008 - FIXED-LENGTH DATA ELEMENTS--GENERAL INFORMATION | |
| fixed length control field | 181207s2019 nyu 000 1 eng d |
| 010 ## - LIBRARY OF CONGRESS CONTROL NUMBER | |
| LC control number | 2018057650 |
| 020 ## - INTERNATIONAL STANDARD BOOK NUMBER | |
| International Standard Book Number | 9781250047328 : HRD |
| Terms of availability | 26.99 |
| 020 ## - INTERNATIONAL STANDARD BOOK NUMBER | |
| International Standard Book Number | 1250047323 : HRD |
| Terms of availability | 26.99 |
| Cancelled/invalid ISBN | 9781466847712 (ebook) |
| 037 ## - SOURCE OF ACQUISITION | |
| Source of stock number/acquisition | St Martins Pr, C/O Mps 16365 James Madison Hwy Us Hwy 15, Gordonsville, VA, USA, 22942, (212)6745151 |
| Note | SAN 631-5011 |
| 040 ## - CATALOGING SOURCE | |
| Original cataloging agency | DLC |
| Language of cataloging | eng |
| Description conventions | rda |
| Transcribing agency | DLC |
| Modifying agency | NjBwBT |
| -- | IMmBT |
| 050 00 - LIBRARY OF CONGRESS CALL NUMBER | |
| Classification number | PS3603.E67 |
| Item number | T48 2019 |
| 082 00 - DEWEY DECIMAL CLASSIFICATION NUMBER | |
| Classification number | 813/.6 |
| Edition number | 23 |
| 092 ## - LOCALLY ASSIGNED DEWEY CALL NUMBER (OCLC) | |
| Classification number | 813.6000 |
| 100 1# - MAIN ENTRY--PERSONAL NAME | |
| Personal name | Center, Katherine, |
| Relator term | author. |
| 9 (RLIN) | 55871 |
| 245 10 - TITLE STATEMENT | |
| Title | Things you save in a fire / |
| Statement of responsibility, etc | Katherine Center. |
| 250 ## - EDITION STATEMENT | |
| Edition statement | First edition. |
| 264 #1 - Production, Publication, Distribution, Manufacture, and Copyright Notice. | |
| Place of production, publication, distribution, manufacture | New York : |
| Name of producer, publisher, distributor, manufacturer | St. Martin's Press, |
| Date of production, publication, distribution, manufacture, or copyr | 2019. |
| 300 ## - PHYSICAL DESCRIPTION | |
| Extent | 312 pages ; |
| Dimensions | 25 cm |
| 336 ## - Content Type | |
| Content type term | text |
| 337 ## - Media type | |
| Media type term | unmediated |
| 338 ## - Carrier type | |
| Carrier type term | volume |
| 650 #0 - SUBJECT ADDED ENTRY--TOPICAL TERM | |
| Topical term or geographic name as entry element | Women fire fighters |
| Form subdivision | Fiction. |
| 9 (RLIN) | 5772674 |
| 650 #0 - SUBJECT ADDED ENTRY--TOPICAL TERM | |
| Topical term or geographic name as entry element | Mothers and daughters |
| Form subdivision | Fiction. |
| 9 (RLIN) | 5673712 |
| 651 #0 - SUBJECT ADDED ENTRY--GEOGRAPHIC NAME | |
| Geographic name | Boston (Mass.) |
| Form subdivision | Fiction. |
| 9 (RLIN) | 5674529 |
| Withdrawn status | Lost status | Source of classification or shelving scheme | Damaged status | Not for loan | Collection code | Home library | Current library | Shelving location | Date acquired | Source of acquisition | Cost, normal purchase price | Total Checkouts | Total Renewals | Full call number | Barcode | Date last seen | Date checked out | Cost, replacement price | Price effective from | Koha item type |
|---|---|---|---|---|---|---|---|---|---|---|---|---|---|---|---|---|---|---|---|---|
| Dewey Decimal Classification | Fiction | Wasatch County Library | Wasatch County Library | First Floor | 02/24/2020 | Donation | 26.99 | 24 | 25 | F Center | 34301001680687 | 01/28/2026 | 01/23/2026 | 26.99 | 03/20/2020 | BOOK |
